New trends in Biology teaching

Đã lưu trong:
Chi tiết về thư mục
Tác giả chính: Heller, René (Tác giả)
Định dạng: Sách
Ngôn ngữ:Tiếng Anh
Tiếng Pháp
Được phát hành: París UNESCO 1966
Loạt:The Teaching of Basic Sciences. Biology
Những chủ đề:
Các nhãn: Thêm thẻ
Không có thẻ, Là người đầu tiên thẻ bản ghi này!

MARC

LEADER 00000nam a2200000 a 4500
001 UCT5496
003 CL-VaPUC
005 20250220161846.0
008 961211e19660000FR |||||||||||||||||eng|d
999 |c 254416  |d 254414 
040 |c Pontificia Universidad Católica de Valparaíso 
041 0 7 |a eng  |2 CL-VaPUC 
041 0 7 |a fre  |2 CL-VaPUC 
082 0 4 |a 570.7 HEL 1966  |2 21 
100 |a Heller, René  |e author  |9 374993 
245 1 0 |a New trends in Biology teaching 
246 1 0 |a Tendances nouvelles de l'enseignement de la biologie 
260 |a París  |b UNESCO  |c 1966 
300 |a v 
490 0 |a The Teaching of Basic Sciences. Biology 
583 |a last modification  |c 20170822 01:40:40  |k Rodrigo Vera 
650 0 |a Biología  |9 262022 
650 0 |a Enseñanza de la biología  |9 338701 
650 0 |a Educación científica   |9 307484 
650 0 |a Planificación del currículo  |9 269599 
942 |c BK  |2 ddc 
945 |d 19961211 00:00:00  |a paguirre 
952 |0 0  |1 0  |4 0  |6 570_700000000000000_HEL_1966  |7 0  |8 A  |9 276078  |a BIBCUR  |b BIBCUR  |d 2019-11-19  |h v.2  |i 1797506  |o 570.7 HEL 1966  |p 1797506  |r 2025-04-22  |t 1  |w 2019-11-19  |y BK  |k BIO 
952 |0 0  |1 0  |4 0  |6 570_700000000000000_HEL_1966  |7 0  |8 A  |9 276079  |a BIBCUR  |b BIBCUR  |d 2019-11-19  |h v.3  |i 1797514  |o 570.7 HEL 1966  |p 1797514  |r 2025-04-22  |t 1  |w 2019-11-19  |y BK  |k BIO 
952 |0 0  |1 0  |4 0  |6 570_700000000000000_HEL_1966  |7 0  |8 A  |9 276080  |a BIBCUR  |b BIBCUR  |d 2019-11-19  |h v.1  |i 2109131  |o 570.7 HEL 1966  |p 2109131  |r 2025-04-22  |t 1  |w 2019-11-19  |y BK  |k BCB